• 首页
  • 本馆介绍
  • 公告通知
  • 最新文献
  • 馆藏检索
  • 电子资源
  • 读者导购
  • 参考咨询
  • 我的图书馆
  • 登录
  • 详细信息显示
  • 放入我的书架
  • 预约/预借图书
  • 作者相关作品
  • 分类相关作品
  • 丛书相关作品
  • 出版社相关作品

书目信息

  • 表格格式
  • 工作单格式
  • 卡片格式
题名:
香港初期史话
    
 
作者: 丁又 著
分册:  
出版信息: 上海   三联书店  1958.02
页数: 113页
开本: 19cm
丛书名:
单 册:
中图分类: K296.58
科图分类:
主题词: 中国--地方史 , 中国--地方志
电子资源:
ISBN:
000 00561nam0 2200217 45
001 0405170971
005 20061118095810.54
010    @dCNY0.37
091    @a11002.181
100    @a20040517d1958 km y0chiy0120 ea
101 0  @achi
200 1  @a香港初期史话@AXiang Gang Chu Qi Shi Hua@e1841-1907@f丁又著@FDing You Zhu
210    @a上海@c三联书店@d1958.02
215    @a113页@d19cm
517    @a1841-1907
606 0  @a中国@x地方史
606 0  @a中国@x地方志
690    @aK296.58@v3
701  0 @a丁又@4著
801    @aCN@bPftUser@c20061118
905    @dK296.58@e36
    
    香港初期史话:1841-1907/丁又著.-上海:三联书店,1958.02
    113页;19cm
    
    
    ISBN :CNY0.37
    
●
相关链接 在E读中查询图书 在五车中查询图书 在当当中查询图书 在豆瓣中查询图书


正题名:香港初期史话     索取号:K296.58/36         预约/预借

序号 登录号 条形码 馆藏地/架位号 状态 备注
1 0101329   000357553   密集书库/ [索取号:K296.58/36] 在馆    
2 0101330   202340289   密集书库/ [索取号:K296.58/36] 在馆    
3 0101331   000357562   第二借阅区/ [索取号:K296.58/36] 在馆    
4 0101332   202336409   密集书库/ [索取号:K296.58/36] 在馆    
5 0101333   000357544   第二样本阅览室/ [索取号:K296.58/36] 在馆    
唐山师范学院图书馆 欢迎您!
大连网信软件有限公司© 版权所有